00697nam a2200157 a 4500008004100000020001800041050001500059100002100074245003900095260005300134300002100187650002000208995014800228999001700376952014600393130321s1988 ||||||||||||||||| || u a9781932846171 aQK 641 Mau aMauseth, James D10aPlant anatomycby James D. Mauseth aCaldwell, New Jersey:bThe Blackburn Pressc1988 axiv, 560p.: ill. aANATOMY--PLANTS aMAIN LIBRARY OPEN ACCESSe743492FCBU-MAIN LIBRARY (Kitwe)jQK 641 MauM2UAVAILABLEWApr 30, 2013y743492ZMain Library Open Access Collection c81958d81958 00102lcc4070a001b001cMain Library Open Access Collectiond2023-09-12l1oQK 641 Maup743492r2025-05-07s2025-04-22t1w2023-09-12y002